Yet a stream of human suffering' : (Record no. 3122)
[ view plain ]
| 000 -LEADER | |
|---|---|
| fixed length control field | 01247nam a2200337 a 4500 |
| 001 - CONTROL NUMBER | |
| control field | 679333 |
| 003 - CONTROL NUMBER IDENTIFIER | |
| control field | OSt |
| 005 - DATE AND TIME OF LATEST TRANSACTION | |
| control field | 20140310181749.0 |
| 008 - FIXED-LENGTH DATA ELEMENTS--GENERAL INFORMATION | |
| fixed length control field | 950913s1994 ph aba b 00000 eng d |
| 020 ## - INTERNATIONAL STANDARD BOOK NUMBER | |
| International Standard Book Number | 9719150408 |
| 040 ## - CATALOGING SOURCE | |
| Original cataloging agency | ANL |
| Transcribing agency | ANL |
| 043 ## - GEOGRAPHIC AREA CODE | |
| Geographic area code | a-ph--- |
| 050 ## - LIBRARY OF CONGRESS CALL NUMBER | |
| Classification number | JC 599 |
| Item number | .Se487 1994 |
| 082 0# - DEWEY DECIMAL CLASSIFICATION NUMBER | |
| Classification number | FIL 323 |
| Item number | Hu 1994 |
| 110 20 - MAIN ENTRY--CORPORATE NAME | |
| Corporate name or jurisdiction name as entry element | Philippine Alliance of Human Rights Advocates. |
| 245 10 - TITLE STATEMENT | |
| Title | Yet a stream of human suffering' : |
| Remainder of title | a Human Rights report on the second year of the Ramos Government (July 1, 1993-June 30, 1994) / |
| Statement of responsibility, etc | by the Philippine Alliance of Human Rights Advocates (PAHRA). |
| 260 ## - PUBLICATION, DISTRIBUTION, ETC. (IMPRINT) | |
| Place of publication, distribution, etc | Manila, Philippines : |
| Name of publisher, distributor, etc | Philippine Alliance of Human Rights Advocates (PAHRA), |
| Date of publication, distribution, etc | 1994. |
| 300 ## - PHYSICAL DESCRIPTION | |
| Extent | 44 p. : |
| Other physical details | ill., map ; |
| Dimensions | 28 cm. |
| 500 ## - GENERAL NOTE | |
| General note | Cover title. |
| 500 ## - GENERAL NOTE | |
| General note | Prepared by the Philippine Human Rights Information Center. |
| 500 ## - GENERAL NOTE | |
| General note | "October 1994." |
| 504 ## - BIBLIOGRAPHY, ETC. NOTE | |
| Bibliography, etc | Includes bibliographical references (p. 40) |
| 562 ## - COPY AND VERSION IDENTIFICATION NOTE | |
| Number of copies | 1 |
| 650 #0 - SUBJECT ADDED ENTRY--TOPICAL TERM | |
| Topical term or geographic name as entry element | Human rights |
| Geographic subdivision | Philippines. |
| 650 #0 - SUBJECT ADDED ENTRY--TOPICAL TERM | |
| Topical term or geographic name as entry element | Civil rights |
| Geographic subdivision | Philippines. |
| 710 2# - ADDED ENTRY--CORPORATE NAME | |
| Corporate name or jurisdiction name as entry element | Philippine Alliance of Human Rights Advocates. |
| 710 2# - ADDED ENTRY--CORPORATE NAME | |
| Corporate name or jurisdiction name as entry element | Philippine Human Rights Information Center. |
| 942 ## - ADDED ENTRY ELEMENTS (KOHA) | |
| Source of classification or shelving scheme | Library of Congress Classification |
| Koha item type | Books |
| Withdrawn status | Lost status | Source of classification or shelving scheme | Damaged status | Home library | Current library | Shelving location | Date acquired | Total Checkouts | Full call number | Barcode | Date last seen | Price effective from | Koha item type |
|---|---|---|---|---|---|---|---|---|---|---|---|---|---|
| Library of Congress Classification | Luxembourg Library | Luxembourg Library | Filipiniana Section | 06/26/2013 | JC 599 .Se487 1994 | 5624 | 08/13/2013 | 06/26/2013 | Books |